| 000 | 01535namaa2200349 i 4500 | ||
|---|---|---|---|
| 003 | EG-GICUC | ||
| 005 | 20260503135838.0 | ||
| 008 | 260503s1992 le ||||jr|||| 00| 0aara d | ||
| 040 |
_aEG-GiCUC _bara _cEG-GiCUC _dEG-GiCUC _erda |
||
| 082 | 0 | 4 |
_221 _a811.92 _bA3165j |
| 092 | 0 | 4 |
_221 _a811.92 _bA3165j |
| 099 | _a811.92 A3165j 1992 | ||
| 100 | 0 |
_aأبو العلاء المعري، _d973-1057 _eمؤلف. |
|
| 245 | 1 |
_aالجامع فى أخبار ابى العلاء المعرى وآثاره / _bألفه محمد سليم الجندى ؛ علق عليه واشرف على طبعه عبد الهادى هاشم |
|
| 250 | _aالطبعة الثانية | ||
| 264 |
_aبيروت (لبنان) : _bدار صادر، _c1992 |
||
| 300 |
_a3 مجلدات ؛ _c24 سم |
||
| 336 |
_2rdacontent _atext |
||
| 337 |
_2rdamedia _aUnmediated |
||
| 338 |
_2rdacarrier _avolume |
||
| 490 | 0 | _aمطبوعات مجمع اللغة العربية بدمشق | |
| 504 | _aيشتمل على ارجاعات ببليوجرافية وفهارس. | ||
| 541 |
_aد. / جابر عصفور ؛ _bالقاهرة ؛ _cإهداء ؛ _d2024. |
||
| 600 | 0 | 0 |
_aابو العلاء المعرى _d973-1057 |
| 650 | 1 | 7 |
_aالشعراء العرب _2qrmak |
| 650 | 1 | 7 |
_aالشعر العربى _xتاريخ ونقد _yالعصر العباسى الثالث _2qrmak |
| 650 | 1 | 7 |
_aالشعر العربى _xدواوين وقصائد _2qrmak |
| 651 | 1 | _2qrmak | |
| 700 | 1 |
_aهاشم، عبد الهادى، _eمشرف. |
|
| 905 | _aAmira | ||
| 942 |
_2ddc _cBK _e21 _n0 |
||
| 999 |
_c179930 _d179930 |
||